000 00798nas a2200229 i 4500
001 2295
003 ES-MaACL
005 20250728100638.0
008 950801c1879 ii | | 1 ||ng d
080 _a141.332
245 0 4 _aThe Theosophist
_b: a magazine of brotherhood oriental philosophy, art, literature and occultism /
_cedited by Annie Besant.
260 _aAdyar, Madras, India :
_bTheosophical Publishing House,
_c1879- (
_fA.K. Sitarana Shastri)
300 _av ;
_c25 cm.
310 _aMensual
362 0 _aV. I (oct. 1879-)
650 7 _aTeosofĂ­a
_2embne
_917478
700 1 _aBesant, Annie (
_d1874-1933)
_928566
700 1 _aArundale, George S.,
_edir.
_9227638
852 _aES-MaACL
_jZ-136
_xOlim: Hem-1401
866 1 _o(1934)(1935f.oct.-dic.).
999 _c2295
_d2295